00738nam a22002297a 4500001000500000005001700005020001800022040003000040050001100070082000900081100001900090245008100109260003800190300004200228490004200270505000800312520007800320521002000398521002000418650003500438650003500473100820250213152242.0 a9780439314343 aFISKHbeng cFISKHdFISKH a551.55 aC237 aCapeci, Anne.  aElectric storm / cwritten by Anne Capeci ; illustrations by Hope Gangloff.  aNew York : bScholastic, c2002.  a92 pages : billustrations, c20 cm.  3The magic school bus: aChapter Book  aN  aMrs. Frizzle's class takes to the sky to study electricity via lightning. a570 bLexile  aN bRaz-Plus  aelectricityvlightningxstorms aelectricityvstormsxlightning